00372nam a22001337a 450000500170000000800410001704100120005808200130007010000130008324500380009626000500013430000290018465000250021320240816094113.0240816b |||||||| |||| 00| 0 eng d aEnglish a349 LAW  lEnglish  aThe Law Reports: Probate Division aLondon: bWilliam Clowes and Sons Ltd, c1881 bxv, 233 pages; c25 cm.  aLegal practice bLaw